000
00308nam a2200121Ia 4500
008
190216s9999||||xx |||||||||||||| ||und||
100
_a
Puthencavu Matthan Tharakan
245
0
_a
Viswa Deepam (maha Kavyam)
260
_b
Kalaamandiram Book Stall
_c
1967
300
_a
148p
650
_a
Kavithkal
942
_c
BK
999
_c
25141
_d
25141